000 00603cam a2200205 4500
001 ABS61740
008 000000n1999 000 0 eng u
035 _a(Sirsi) u103719
245 _aFocus '99: Auctions
260 _c1999
490 _aEstates Gazette
_v(9949) 11 December 1999, 57-71(9)
520 _aReview of the auctions market during 1999. Covers Internet auctions, unusual properties, and new buyers.
590 _aABS
650 _aAUCTION MARKET
650 _aINTERNET AUCTIONS
650 _aAUCTION SALES
650 _aAUCTIONEERS
690 _aAuctioneering
_96218
942 _n0
999 _c62287
_d62287